Normal view
MARC view
Entry Personal Name
001 - CONTROL NUMBER
- control field: 466637
003 - CONTROL NUMBER IDENTIFIER
- control field: OSt
005 - DATE AND TIME OF LATEST TRANSACTION
- control field: 20220928124643.0
008 - FIXED-LENGTH DATA ELEMENTS
- fixed length control field: 220928|| aca||aabn | a|a d
040 ## - CATALOGING SOURCE
- Original cataloging agency: OSt
- Transcribing agency: OSt
100 ## - HEADING--PERSONAL NAME
- Personal name: Bharti Shashi
670 ## - SOURCE DATA FOUND
- Source citation: Work cat.: (OSt)779471: Bharti Shashi, Jai Shankar Parsad Jagdish Chander Mathur aur Mohan Rakesh Ka natko ka rangmanch ki dristi sa adhyan, 1992
